000 00665nam a2200205 a 4500
001 000019671
005 20200929170110.0
008 100702s1931 txu 000 0 spa d
040 _aDO-SdBNP
_bspa
_cBNPHU
041 1 7 _aspa
_h[eng]
_2Código de idioma MARC
082 _a200.92
_bM612j
100 1 _aMeyer, F. B.,
_942124
245 1 0 _aJeremias :
_bsacerdote y profeta /
_cF. B. Meyer ; traducción de Sara A. Hale.
260 _aEl Paso, Texas :
_bCasa Bautista de Publicaciones,
_c1931.
300 _a192 p. ;
_c17 cm.
650 4 _aBiografía religiosa
_942125
650 4 _aProfetas
_xBiografía
_942126
700 1 _aHale, Sara A.,
_etr.
_94421
049 _aBNGR
999 _c19187
_d19187